000 01043naa a22002897a 4500
001 BR7600301
003 BR-BrBNA
005 20240918173804.0
007 ta
008 230509b bl.||||| |||| 00| 0 por d
040 _aBR-BrBNA
_bpor
_cBiblioteca Nacional de Agricultura
041 _a(Pt)
072 _aE70
_b9410
_bG514
090 _aE70 BR7600301
110 1 _aFederacao da Agricultura do Estado de Sao Paulo, Sao Paulo (Brasil)
_94567
111 1 _a1. Encontro Nacional de Agropecuaria
_cBrasilia, DF (Brazil)
_d17 Nov 1975
245 1 _aCooperativas de laticinios [Brasil]
260 3 _aBrasilia, DF (Brasil):
_c1975.
500 _aTemario do 1. Encontro Nacional de Agropecuaria Brasilia, DF (Brasil): 1975. p. 163-166 (BR7600301-AM)E70
650 _aComercializacao
650 _aLeite
650 _aCooperativa
650 _aLaticinio
773 0 _tTemario do 1. Encontro Nacional de Agropecuaria
_wE70 BR7600301
_gBrasilia, DF (Brasil), 1975. p. 163-166
909 _a202404
_bLucia
_c55
_dLucia Elande
942 _cAM
_2AGRIS
999 _c306915
_d306915